000 00558nam a2200205Ia 4500
003 GCL
008 140319s9999 xx 000 0 eng d
040 _aGCL /
_cGCL
082 0 4 _a686
_bC T
100 1 _aCRAIG, JAMES.
245 1 0 _aThirty Centuries of Graphic Design /
_cCRAIG, JAMES.
700 1 _aBRUCE, BARTON
260 _a[S.N] :
_bNONE ،
_c1987
650 0 4 _aBOOK DESIGN HISTORY
650 0 4 _aPRINTING HISTORY
650 0 4 _aGRAPHIC ARTS - HISTORY
650 0 4 _aVISUAL COMMUNICATION HISTORY
650 0 4 _aWRITING - HISTORY
942 _2ddc
_cBK
999 _c17262
_d17262